000 00693nam a2200241Ia 4500
003 OSt
005 20220918110407.0
006 a|||||r|||| 00| 0
007 ta
008 220915b |||||||| |||| 00| 0 eng d
024 _a92400
037 _cReference Collections
040 _aARTS
_cARTS
_beng
041 _2eng
_aeng
082 _aT4.73, L5 (RR)
245 0 _aCollege blue book
_b Degrees offered by college and subject ed by Willam E Burges
250 _a15th
260 _aNew York
_bMacmillan
_c1975
300 _axv, 686p.
650 _aHIGHER EDUCATION
942 _hT4.73, L5 (RR)
_cREF
999 _c112564
_d112564